Laikát v cirkvi vo vybraných príručkách náboženstva gymnaziálnej mládeže

Bibliographic Details
Main Author: Łojek, Krzysztof (Author)
Format: Book
Language:Polish
PhysicalDescription:109 s. 21 cm
Published: Prešov [Vydavateľstvo Michala Vaška] 2007
ISBN:9788071656418
Edition:1. vyd.
Subjects:

MARC

LEADER 00000nam a2200000 a 4500
001 vtls009185262
003 SK-MaSNL
005 20260301170656.0
008 240313s2007 xo d 000 0 pol
015 |a SNBA2008/03-01165 
020 |a 9788071656418  |q (brož.) 
035 |a 06E8A541-A3D2-45C3-AEA1-81C02FC90F5C 
035 |a urn:nbn:sk:snk-aml0ln 
035 |a urn:nbn:sk:snk-am008nqd 
040 |a SNK  |b slo  |c SNK  |e AACR2 
041 0 |a pol 
044 |a xo  |c SK 
072 7 |a 2  |x Náboženstvo  |2 konspekt 
080 |a 2-726.6  |2 2001 
080 |a 2-184.3  |2 2001 
080 |a 2-47  |2 2001 
080 |a (048.8)  |2 2001 
080 |a 316.346.32-053.6  |2 2001 
100 1 |a Łojek, Krzysztof  |4 aut  |9 122039 
245 1 0 |a Laikát v cirkvi vo vybraných príručkách náboženstva gymnaziálnej mládeže  |c Krzystof Łojek 
250 |a 1. vyd. 
260 |a Prešov  |b [Vydavateľstvo Michala Vaška]  |c 2007 
300 |a 109 s.  |c 21 cm 
500 |a Vydav. podľa ISBN 
504 |a Bibliogr. s. 5-8. Pozn. Zoz. skrat. 
650 0 7 |a laici (náboženstvo)  |2 SNKPH  |9 112022 
650 0 7 |a náboženská viera  |2 SNKPH  |9 67877 
650 0 7 |a náboženská výchova  |2 SNKPH  |9 67239 
650 0 7 |a mládež  |2 SNKPH  |9 1575 
655 7 |a štúdie  |2 SNKPH  |9 57033 
919 |a 978-80-7165-641-8 
958 |a OND 
958 |a NB 
958 |a NT 
958 |a PL 
958 |a NM 
968 |d 2 
999 |c 828366  |d 830296 
952 |a SNK  |b SNK  |y PREZ  |7 0  |p 17A0580339  |o snkSC 130955  |i snk2008/4193  |8 0  |0 0  |1 0  |4 0  |d 2008-02-18  |f 1  |l 0  |r 2025-06-19 00:00:00  |w 2026-02-24 
952 |a SNK  |b SNK  |y VYP  |7 0  |p 17A0580341  |o snkSC 130955 D1  |i snk2008/4195  |8 0  |0 0  |1 0  |4 0  |d 2008-02-18  |l 0  |r 2026-02-24 03:28:36  |w 2026-02-24